Desarrollo de un sistema de control automatizado para mejorar el abastecimiento de agua potable en el Municipio de Corinto
En el presente documento se realiza el estudio técnico para proponer un sistema de control automatizado con la finalidad de mejorar el abastecimiento de agua potable en el Municipio de Corinto.
| Main Authors: | , |
|---|---|
| Other Authors: | |
| Format: | Tesis Section = Libro |
| Language: | Undetermined Spanish |
| Published: |
Managua
UNI
2021
|
| Subjects: |
| LEADER | 01093nam a2200277Ia 4500 | ||
|---|---|---|---|
| 008 | 240830s9999 xx 000 0 und d | ||
| 040 | |a BIBLIOTECA-RUSB/ Mon 621.3121 C352 | ||
| 041 | |a spa | ||
| 082 | |a Mon 621.3121 C352 | ||
| 100 | 1 | |a Castillo Martínez, Héctor Manuel | |
| 100 | 1 | |b Romero Tuckler, Nick Robín | |
| 245 | 1 | 0 | |a Desarrollo de un sistema de control automatizado para mejorar el abastecimiento de agua potable en el Municipio de Corinto |
| 260 | |a Managua |b UNI |c 2021 | ||
| 300 | |a 141 p. :il. | ||
| 500 | |a Incluye anexos y CD. | ||
| 502 | |a Tesis (Ingeniero Electrónico) - UNI, 1995. | ||
| 520 | 3 | |a En el presente documento se realiza el estudio técnico para proponer un sistema de control automatizado con la finalidad de mejorar el abastecimiento de agua potable en el Municipio de Corinto. | |
| 650 | 7 | |a SISTEMA CONTROL AUTOMATIZADO | |
| 650 | 7 | |b AGUA POTABLE | |
| 650 | 7 | |c SISTEMA ENERGETICO | |
| 650 | 7 | |d ENERGIA ELECTRICA COMERCIAL | |
| 650 | 7 | |e BOMBA | |
| 700 | 1 | |a Tutor: |b Reyes Chávez, Dora Inés | |
| 942 | |c BK |2 ddc | ||
| 991 | |a TESIS | ||
| 999 | |c 22197 | ||